000 00991nam a22003017a 4500
001 4766
003 FISKH
005 20241009145645.0
008 241009b cb ||||| |||| 00| 0 eng d
020 _a9780439794237
040 _aFISKH
_beng
_cFISKH
_dFISKH
050 _aQA117.S338
082 _a513.2
100 _aM.Schwartz, David
_d(20th century)
245 _aIf dogs were dinosaurs /
_cBy David M.Schwardz Illustrated by James Warhola
250 _aFirst paperback printing in 2006
260 _aNew York :
_bScholastic,
_c2006.
300 _a29 pages :
_bColor illustrations ;
_c28 cm
505 _aN
520 _a"Explores the concepts of ratio and proportion by growing or shrinking various objects by the same amounts"--Provided by publisher.
521 8 _a580L
_bLexile
521 8 _aN
_bRaz-Plus
650 _2Picture book
_aInformational
650 _2Comparisons
_aAnimals
700 _aWarhola, James
_dIllustrator
942 _2ddc
_cBK
_n0
999 _c4766
_d4766